Brazil, Presidents of - Statistics

General Stats
  • This quiz has been taken 16 times
  • The average score is 18 of 43
Answer Stats
Term Party President % Correct
2019-2022 PSL/PL Jair Bolsonaro
100%
2003-2010 PT Luiz Inácio Lula da Silva
62%
2023-Incumbent PT Luiz Inácio Lula da Silva
62%
1889-1891 Independent Deodoro da Fonseca
54%
2011-2016 PT Dilma Rousseff
54%
1990-1992 PRN Fernando Collor de Mello
54%
1995-2002 PSDB Fernando Henrique Cardoso
54%
1930-1945 Independent Getúlio Vargas
54%
1951-1954 PTB Getúlio Vargas
54%
1992-1994 PMDB Itamar Franco
46%
1961 PTN Jânio Quadros
46%
1985-1990 PMDB José Sarney
46%
1955-1961 PSD Juscelino Kubitschek
46%
2016-2018 MDB Michel Temer
46%
1964-1967 ARENA Castelo Branco
38%
1967-1969 ARENA Costa e Silva
38%
1969-1974 ARENA Emílio Garrastazu Médici
38%
1974-1979 ARENA Ernesto Geisel
38%
1891-1894 Independent Floriano Peixoto
38%
1979-1985 ARENA/PDS João Figueiredo
38%
1961-1964 PTB João Goulart
38%
NEVER TOOK OFFICE PRP Júlio Prestes
38%
1909-1910 PRF Nilo Peçanha
38%
NEVER TOOK OFFICE PMDB Tancredo Neves
38%
1926-1930 PRP Washington Luís
38%
1906-1909 PRM Afonso Pena
31%
1922-1926 PRM Artur Bernardes
31%
1954-1955 PSP Café Filho
31%
1898-1902 PRP Campos Sales
31%
1955 PSD Carlos Luz
31%
1918-1919 PRM Delfim Moreira
31%
1919-1922 PRM Epitácio Pessoa
31%
1946-1951 PSD Eurico Gaspar Dutra
31%
1910-1914 PRC Hermes da Fonseca
31%
1945-1946 Independent José Linhares
31%
1955-1956 PSD Nereu Ramos
31%
NEVER TOOK OFFICE ARENA Pedro Aleixo
31%
1894-1898 PRF Prudente de Morais
31%
1961 PSD Ranieri Mazzilli
31%
1964 PSD Ranieri Mazzilli
31%
1902-1906 PRP Rodrigues Alves
31%
NEVER TOOK OFFICE PRP Rodrigues Alves
31%
1914-1918 PRM Venceslau Brás
31%
No matching quizzes found
Score Distribution
Percent of People with Each Score
Percentile by Number Answered
Your Score History
You have not taken this quiz